Central Library OPAC University of Rajshahi

The economic history of the Middle East, 1800-1914 : a book of readings / (Record no. 2774)

MARC details
000 -LEADER
fixed length control field 00637nam a22002057a 4500
001 - CONTROL NUMBER
control field 2774
003 - CONTROL NUMBER IDENTIFIER
rucl marc code BD-RjUL
005 - DATE AND TIME OF LATEST TRANSACTION
control field 20211208233621.0
008 - FIXED-LENGTH DATA ELEMENTS--GENERAL INFORMATION
fixed length control field 131217s1966 uk ||||| |||| 00| 0 eng d
035 ## - SYSTEM CONTROL NUMBER
System control number (BD-RjUL)
040 ## - CATALOGING SOURCE
Original cataloging agency BD-RjUL
Language of cataloging eng
Transcribing agency BD-RjUL
041 ## - LANGUAGE CODE
Language code of text/sound track or separate title eng
082 ## - DEWEY DECIMAL CLASSIFICATION NUMBER
Classification number 330.97624
Author mark and year ECO
100 ## - MAIN ENTRY--PERSONAL NAME
Personal name Charles Philip Issawi;
9 (RLIN) 8896
245 ## - TITLE STATEMENT
Title The economic history of the Middle East, 1800-1914 : a book of readings /
260 ## - PUBLICATION, DISTRIBUTION, ETC. (IMPRINT)
Place of publication, distribution, etc. Chicago, Ill., [etc.] :
Name of publisher, distributor, etc. The University of Chicago Press,
Date of publication, distribution, etc. c1966
300 ## - PHYSICAL DESCRIPTION
Pagination xvi, 543 p.:
Illustrations ;
Size 25 cm.
700 ## - ADDED ENTRY--PERSONAL NAME
Personal name ed. and with introds. by Charles Issawi.
942 ## - ADDED ENTRY ELEMENTS (KOHA)
Source of classification or shelving scheme Dewey Decimal Classification
Koha item type Books
Holdings
Lost status Source of classification or shelving scheme Damaged status Not for loan Collection code Permanent Location Current Location Shelving location Date acquired Source of acquisition Cost, normal purchase price Total Checkouts Full call number Date last seen Copy number Koha item type
  Dewey Decimal Classification   Not For Loan Non-fiction Central Library, University of Rajshahi Central Library, University of Rajshahi   26/10/1970 Zeithlinger. 113.00   330.97624 ECO 1966 17/12/2013 C-1 Books
  Dewey Decimal Classification     Non-fiction Central Library, University of Rajshahi Central Library, University of Rajshahi   12/08/1970 Zeitlinger 113.00   330.97624 ECO 1966 18/12/2016 C-2 Books